| Поле | Инд. | ПП | Название | Значение |
|---|---|---|---|---|
| Тип записи | a | |||
| Библиографический уровень | m | |||
| 001 | Контрольный номер | 899ae146-d98e-41f2-ab51-c4726d916243 | ||
| 005 | Дата корректировки | 20140226210222.4 | ||
| 008 | Кодируемые данные | 991112 d | ||
| 020 | c | Цена, тираж | 18.93 | |
| 040 | a | Служба первич. каталог. | НБ ТвГУ | |
| 041 | a | Код языка текста | rus | |
| 080 | a | Индекс УДК | 5 | |
| a | Индекс УДК | 55(571.53/.55) | ||
| 084 | a | Индекс другой классификации/Индекс ББК | Б | |
| a | Индекс другой классификации/Индекс ББК | Д9(2РОС54,7) | ||
| a | Индекс другой классификации/Индекс ББК | Т3(253.5) | ||
| a | Индекс другой классификации/Индекс ББК | Т4(253.5) | ||
| 090 | c | Каталожный индекс | Б + Д9(2РОС54,7) + Т3(253.5) + Т4(253.5) | |
| x | Авторский знак | П77 | ||
| a | Полочн. индекс | Б | ||
| 245 | 0_ | a | Заглавие | Природные ресурсы, экология и социальная среда Прибайкалья |
| n | Номер части/ раздела | Т. 3 | ||
| b | Продолж. заглавия | Сб. науч. тр. : Прогр. "Ун-ты России" : [В 3 т.] | ||
| c | Ответственность | Иркут. гос. ун-т; [Редкол.: Ф.К. Шмидт и др.] | ||
| 260 | 0_ | a | Место издания | Иркутск |
| b | Издательство | Изд-во Иркут. ун-та | ||
| c | Дата издания | 1995 | ||
| 300 | a | Объем | 303 с. | |
| b | Иллюстрации/ тип воспроизводства | табл. | ||
| 504 | a | Библиография | Библиогр. в конце ст. - Реф.: с.287-303. | |
| 583 | a | Действие | Получение впервые 483 15.09.99 | |
| k | Исполнитель действия | Обмен | ||
| 650 | a | Основная рубрика | Экология | |
| z | Географическая подрубрика | Прибайкалье | ||
| 650 | a | Основная рубрика | Науки о Земле | |
| 650 | a | Основная рубрика | Археология | |
| 650 | a | Основная рубрика | Физика | |
| 650 | a | Основная рубрика | Математика | |
| 650 | a | Основная рубрика | Естественные науки | |
| 653 | a | Ключевые слова | Природные ресурсы Прибайкалья | |
| a | Ключевые слова | Экология Прибайкалья | ||
| a | Ключевые слова | Социальная среда Прибайкалья | ||
| a | Ключевые слова | Земля | ||
| a | Ключевые слова | Науки о Земле | ||
| a | Ключевые слова | Археология Прибайкалья | ||
| a | Ключевые слова | Физика | ||
| a | Ключевые слова | Математика | ||
| 700 | 1_ | a | Другие авторы | Шмидт Ф.К. |
| e | Роль лиц | ред. | ||
| 700 | 1_ | a | Другие авторы | Смирнов А.И. |
| e | Роль лиц | ред. | ||
| 700 | 1_ | a | Другие авторы | Пантелеев В.И. |
| e | Роль лиц | отв. за вып. | ||
| 700 | 1_ | a | Другие авторы | Васильев О.В. |
| e | Роль лиц | ред. | ||
| 852 | t | Порядковый номер экземпляра | 1 | |
| p | Инвентарный номер | 714184 | ||
| 863 | t | 00032829 | ||
| 888 | a | Бесплатные | ||
| 952 | p | 483.99 18.93 1 714184 | ||
| c | Вид литературы | К рн | ||
| 999 | a | Подразделение 2 | Фил3 |